| 000 | 01229 a2200241 4500 | ||
|---|---|---|---|
| 001 | 30871 | ||
| 005 | 20260407155617.0 | ||
| 008 | 260407a1999 arg spa d | ||
| 003 | AR-UNSa-BCEJYS | ||
| 040 |
_aAR-UNSa-BCEJYS _bspa _cAR-UNSa-BCEJYS |
||
| 080 |
_a658.14 _xFinanciación. Financiación de las empresas. Obtención de capital |
||
| 245 | 1 | 0 |
_aCuanto vale realmente una empresa _pmétodos, los flujos de fondos, estimación de ventas, los costos, valor llave. |
| 020 | _a987-9156-41-2 | ||
| 264 | 1 |
_aBuenos Aires : _bOsmar D. Buyatti _c1999 |
|
| 300 |
_a160 p. _c23 cm. |
||
| 505 | _a1. Aspectos introductorios - 2. Métodos - 3. Los flujos de fondos y series de tiempo - 4. Estimación de ventas - 5. Los costos - 6. Determinación de los flujos de fondos - 7. Flujos de fondos de corto plazo - 8. Otras consideraciones - 9. Método particular para calcular indemnizaciones - 10. Consideraciones sobre la contabilización del valor llave - 11. Apéndice | ||
| 942 | _cBK | ||
| 590 | _aniveau_biblio:m niveau_hierar:0 | ||
| 100 | 1 | _aSpina, Carlos E. | |
| 700 | 1 | _aGimenez, Enrique M. | |
| 700 | 1 | _aScaletta, Rubén A. | |
| 856 | 4 | 1 |
_uhttps://170.210.207.44/pmb/images/libros/L86123.jpg _yImagen de portada _qimage/jpeg |
| 999 |
_c2130 _d2130 |
||